| 000 | 01012nam a2200229Ia 4500 | ||
|---|---|---|---|
| 999 |
_c40200 _d40200 |
||
| 001 | 6807 | ||
| 003 | GE_BSU | ||
| 005 | 20190620153037.0 | ||
| 008 | 181216s1978||||ge |||||||||||||| ||geo|| | ||
| 040 | _cGE_BSU | ||
| 041 | _ageo | ||
| 080 | _a621.3(075.8) მ-93 | ||
| 100 |
_aმუჩნიკი, ა. _92666 |
||
| 245 |
_aზოგადი ელექტროტექნიკა : _bსახელმძღვ. / _cა. მუჩნიკი, კ. პარფენოვი ; რედ. ა. კოტია |
||
| 250 | _aთარგმ. მესამე გადამ. და შევსებ. გამ-დან | ||
| 264 |
_aთბილისი : _bგანათლება, _c1978. |
||
| 300 |
_a478 გვ. : _bილ. ; _c22 სმ. |
||
| 653 | _aზოგადი ელექტროტექნიკა | ||
| 700 |
_aპარფენოვი, კ. _eავტორი _92667 |
||
| 700 |
_aკოტია, ა. _eრედაქტორი _92668 |
||
| 942 |
_cBK _2udc |
||